000 00508nam a2200181Ia 4500
003 OSt
005 20250416093437.0
008 210210b1947 xxu||||| |||| 00| 0 eng d
040 _cAL
041 _aKannada
082 _a859/1842
100 _aSHANKARABHATTA KADENGODLU
_960140
_bಕಡೆಂಗೋಡ್ಲು ಶಂಕರಭಟ್ಟ
245 _aGajina bale
_b ಗಾಜಿನ ಬಳೆ
260 _aMangaluru
_b-
_c1947
690 _aKannada Fiction
_960141
906 _a022560
942 _2ddc
_cBK
999 _c146972
_d146972